Δημοσιουπαλληλικό δίκαιο και ευρωπαϊκή σύμβαση των δικαιωμάτων του ανθρώπου : η επίδραση της νομολογίας του ευρωπαϊκού δικαστηρίου των δικαιωμάτων του ανθρώπου στο ιδιαίτερο καθεστώς των δημοσίων υπαλλήλων
Saved in:
| Main Author: | |
|---|---|
| Format: | Book |
| Language: | Greek |
| Published: |
Αθήνα :
Σάκκουλας,
c2004
|
| Subjects: | |
| Tags: |
Add Tag
No Tags, Be the first to tag this record!
|
MARC
| LEADER | 00000cam a2200000 i 4500 | ||
|---|---|---|---|
| 001 | 1/13886 | ||
| 008 | 110623s2004 gre d | ||
| 020 | |a 960-301-857-0 | ||
| 035 | |l 10110367 | ||
| 040 | |a GR-MY-UA |b gre |e aacr | ||
| 041 | 0 | |a gre | |
| 082 | 0 | |a 341.242 |2 (22) | |
| 100 | 1 | |a Κτιστάκη, Σταυρούλα Ν. | |
| 245 | 1 | 0 | |a Δημοσιουπαλληλικό δίκαιο και ευρωπαϊκή σύμβαση των δικαιωμάτων του ανθρώπου : |b η επίδραση της νομολογίας του ευρωπαϊκού δικαστηρίου των δικαιωμάτων του ανθρώπου στο ιδιαίτερο καθεστώς των δημοσίων υπαλλήλων / |c Σταυρούλα Ν. Κτιστάκη |
| 246 | 3 | 4 | |a Δημοσιουπαλληλικό δίκαιο & ΕΣΔΑ |
| 260 | |a Αθήνα : |b Σάκκουλας, |c c2004 | ||
| 300 | |a 274 σ.; |c 23 εκ. | ||
| 504 | |a Βιβλιογραφία: σ. 237-261. Ευρετήριο | ||
| 650 | 0 | 0 | |a Human rights |z Greece. |
| 650 | 0 | 0 | |a Respect for persons |x Law and legislation. |
| 650 | 0 | 0 | |a Human rights |z European Union countries. |
| 852 | |a INST |b CHIOS |e 20110623 |h 341.242 ΚΤΙ |p 005200031755 |q 005200031755 |t BK |y 0 | ||
| 901 | |a BIBL2-2011-2 | ||
| 909 | |a Χ |b 149393 | ||
| 970 | |a ΣΑΛΑΜΟΥΡΑ |b ΜΑΡΙΑ |z 2011/06/22 | ||